Obra selecta
Saved in:
| Hovedforfatter: | |
|---|---|
| Format: | Bog |
| Sprog: | spansk |
| Udgivet: |
Santiago
Fondo de Cultura Económica
1997
|
| Fag: | |
| Tags: |
Tilføj Tag
Ingen Tags, Vær først til at tagge denne postø!
|
MARC
| LEADER | 00000nam a2200000 a 4500 | ||
|---|---|---|---|
| 001 | UCQ3496 | ||
| 003 | CL-VaPUC | ||
| 008 | 980821e19970000CL |||||||||||||||||spa|d | ||
| 082 | 0 | 4 | |a Ch861 |b ROJ |2 21 |
| 100 | 0 | |a Rojas, Gonzalo |e author |9 319345 | |
| 245 | 1 | 0 | |a Obra selecta |
| 300 | |a 347 p | ||
| 942 | |c BK | ||
| 945 | |d 19980821 00:00:00 |a mvenant | ||
| 260 | |a Santiago |b Fondo de Cultura Económica |c 1997 | ||
| 650 | 0 | |a Poesías chilenas |9 265280 | |
| 583 | |a last modification |c 19980821 00:00:00 |k Rodrigo Vera | ||
| 999 | |c 274067 |d 274065 | ||
| 952 | |0 0 |1 0 |4 0 |6 CH_861_000000000000000_ROJ_1997 |7 0 |8 A |9 310122 |a BIBART |b BIBART |d 2019-11-20 |i 3519139 |o Ch861 ROJ 1997 |p 3519139 |r 2025-03-13 |w 2019-11-20 |y BK |k ART | ||